Missing Word: 'S' Literature II Quiz Stats

 Plays Quiz Updated Nov 9, 2018

Challenge
Share
Tweet
Embed
Score 0/18 Timer 03:00
4 Plays Today
Title Missing Word % Correct
______ and SensibilitySense
98.3%
The ________ of the LambsSilence
97.2%
The Adventures of Tom _______Sawyer
97.1%
The ________ LetterScarlet
93.7%
The Old Man and the ____Sea
88.7%
The _______ GardenSecret
88.1%
______'s ChoiceSophie
84.5%
______________-FiveSlaughterhouse
75.5%
_____ of SolomonSong
74.5%
Title Missing Word % Correct
This _____ of ParadiseSide
69.4%
One Hundred Years of _________Solitude
64.5%
The Bridge of ____ Luis ReySan
63.2%
Main ______Street
61.7%
The Big ______Sleep
46.7%
The Trumpet of the _____Swan
46.6%
A _________ PeaceSeparate
36%
The Sheltering ____Sky
22.8%
The Moon and _________Sixpence
14.6%

Today's Daily Dose

Missing Word
Hayao Miyazaki

Word Ladder
Florida

On This Day
December 13th II

You're not logged in!

Compare scores with friends on all Sporcle quizzes.
OR
Log In

You Might Also Like...

Show Comments

Extras

Top Quizzes Today


Score Distribution

Your Account Isn't Verified!

In order to create a playlist on Sporcle, you need to verify the email address you used during registration. Go to your Sporcle Settings to finish the process.

Report this User

Report this user for behavior that violates our Community Guidelines.

Details: